000 01262nam0a22003131 4500
001 RU\NLR\INFOCOMM_161\5000058874
005 20260406110517.0
035 _a(NLR Aleph) 009158884
090 _a8441403
_c8441403
100 _a20100130d1989 |||y0rusy50 ca
101 0 _aeng
102 _aRU
105 _aa ||||000|y
200 1 _aLeonid Brezhnev: the period of stagnation
_eAn unbiased analysis of the negative experience of Leonid Brezhnev's 18-year leadership (1964-1982) today helps us find correct solutions to questions put by perestroika
_f[Comp. by Alexei Serov]
210 _aΜ.
_c"Novosti" press agency publ. house
_d1989
215 _a52 с.
_cпортр.
_d19 см
225 1 _aWriting on perestroika
300 _aВ вып. дан.: Брежнев: период застоя
607 _aСССР
_xИстория
_z1964-1982
_2nlr_sh1
686 _aТ3(2)73.02
_2rubbk
702 1 _9z04790
_aSerov
_bA.
_f1936-
_gAleksej
_4220
702 1 _4570
_8rus
_7ca
_aBrežnev
_bL. I.
_f1906-1982
_gLeonid Il'ič
_3RU\NLR\AUTH\77109814
_992739
790 1 _9z04702
_aSerov
_bA.
_gAlexei
_4220
790 1 _9z05702
_aBrezhnev
_bL.
_gLeonid
_4245
801 1 _aRU
_bNLR
_c20100130
801 0 _aRU
_bNLR
_gPSBO
852 _aNLR
_jИр51 Д-4/857
942 _cBOOK
980 _aNB